Pudd´nhead Wilson (Record no. 5859)

MARC details
000 -CABECERA
campo de control de longitud fija 00618nam a2200217 a 4500
001 - NÚMERO DE CONTROL
campo de control BRCA_6172
005 - FECHA Y HORA DE LA ÚLTIMA TRANSACCIÓN
campo de control 20190320205346.0
008 - DATOS DE LONGITUD FIJA--INFORMACIÓN GENERAL
campo de control de longitud fija 070711s1899----nyua######---#000-0#eng-#
041 ## - CÓDIGO DE LENGUA
Código de lengua del texto/banda sonora o título independiente eng
044 ## - CÓDIGO DEL PAÍS DE LA ENTIDAD EDITORA/PRODUCTORA
Código MARC del país nyu
050 #4 - SIGNATURA TOPOGRÁFICA DE LA BIBLIOTECA DEL CONGRESO
Número de clasificación PZ3
Número de documento/Ítem .T835 Pu
-- 1899
100 1# - ENTRADA PRINCIPAL--NOMBRE DE PERSONA
Nombre de persona Twain, Mark
Fechas asociadas al nombre 1835-1910.
9 (RLIN) 15549
245 10 - MENCIÓN DE TÍTULO
Título Pudd´nhead Wilson
Resto del título and Those Extraordinary Twins
Mención de responsabilidad, etc. by Mark Twain (Samuel L. Clemens).
260 ## - PUBLICACIÓN, DISTRIBUCIÓN, ETC.
Lugar de publicación, distribución, etc. Nueva York
Nombre del editor, distribuidor, etc. Harper
Fecha de publicación, distribución, etc. c1899
300 ## - DESCRIPCIÓN FÍSICA
Extensión ix, 323 p.
Otras características físicas il.
Dimensiones 20 cm.
500 ## - NOTA GENERAL
Nota general K55
650 14 - PUNTO DE ACCESO ADICIONAL DE MATERIA--TÉRMINO DE MATERIA
Término de materia o nombre geográfico como elemento de entrada Literatura estadounidense
9 (RLIN) 15550
700 1# - PUNTO DE ACCESO ADICIONAL--NOMBRE DE PERSONA
Nombre de persona Clemens, Samuel L.
9 (RLIN) 15551
902 ## - CATALOGADOR
Iniciales GFM
942 ## - ELEMENTOS DE PUNTO DE ACCESO ADICIONAL (KOHA)
Fuente del sistema de clasificación o colocación Library of Congress Classification
Tipo de ítem Koha Libros
Holdings
Estado de retiro Estado de pérdida Estado dañado No para préstamo Localización permanente Ubicación/localización actual Fecha de adquisición Número de inventario Total de préstamos Signatura topográfica completa Código de barras Fecha visto por última vez Precio válido a partir de Tipo de ítem Koha
El ejemplar forma parte de la colección y puede ser consultado según las políticas vigentes.       Biblioteca del Museo Franz Mayer (Rogerio Casas-Alatriste) Biblioteca del Museo Franz Mayer (Rogerio Casas-Alatriste) 07/07/2011 K55   PZ3 .T835 Pu 1899 (K55) 6611 22/03/2019 22/03/2019 Libros